[Event "ESP-chT CECLUB Div2 Gp1"]
[Site "Padron"]
[Date "2011.08.14"]
[Round "6"]
[White "Pazos Porta, Antonio"]
[Black "Boudy Bueno, Julio Leonardo"]
[Result "1-0"]
[WhiteElo "2318"]
[BlackElo "2273"]
[PlyCount "101"]
[EventDate "2011.08.10"]
[EventType "team-swiss"]
[EventRounds "6"]
[EventCountry "ESP"]
[SourceTitle "CBM 143 Extra"]
[Source "ChessBase"]
[SourceDate "2011.08.29"]
[SourceVersion "1"]
[SourceVersionDate "2011.08.29"]
[SourceQuality "1"]
[WhiteTeam "Ferrolano de Ajedrez"]
[BlackTeam "Cultura Covadonga"]
[WhiteTeamCountry "ESP"]
[BlackTeamCountry "ESP"]

1. e4 g6 2. d4 Bg7 3. Nc3 d6 4. Nge2 a6 5. a4 b6 6. g3 Bb7 7. Bg2 Nd7 8. 0-0 e6 9. d5 e5 10. f4 Ne7 11. f5 gxf5 12. exf5 Nf6 13. Bg5 b5 14. Bxf6 Bxf6 15. Ne4 Ng8 16. axb5 axb5 17. Qd3 Kf8 18. Qxb5 Rb8 19. Ra7 Ba8 20. Qa5 Kg7 21. g4 c6 22. g5 Bxg5 23. Nxg5 Qxg5 24. Rxa8 Qe3+ 25. Rf2 Nf6 26. Qa3 Qxa3 27. Rxa3 cxd5 28. Rg3+ Kf8 29. b3 d4 30. c3 Rxb3 31. cxd4 Rb1+ 32. Rf1 Rb2 33. dxe5 dxe5 34. Re3 Ng4 35. Rg3 Rg8 36. h3 Nf6 37. Rxg8+ Kxg8 38. Ng3 Kf8 39. Re1 Rb5 40. Ne4 Nxe4 41. Bxe4 Ke7 42. Kf2 Kf6 43. Rb1 Ra5 44. h4 h5 45. Rb6+ Kg7 46. f6+ Kh6 47. Rb8 Ra2+ 48. Kg1 Ra1+ 49. Bb1 Ra8 50. Rb7 Rb8 51. Rxb8 1-0

[Event "ESP-chT CECLUB Div2 Gp1"]
[Site "Padron"]
[Date "2011.08.11"]
[Round "2"]
[White "Boudy Bueno, Julio Leonardo"]
[Black "Guerra Bastida, Diego"]
[Result "0-1"]
[WhiteElo "2273"]
[BlackElo "2397"]
[PlyCount "80"]
[EventDate "2011.08.10"]
[EventType "team-swiss"]
[EventRounds "6"]
[EventCountry "ESP"]
[SourceTitle "CBM 143 Extra"]
[Source "ChessBase"]
[SourceDate "2011.08.29"]
[SourceVersion "1"]
[SourceVersionDate "2011.08.29"]
[SourceQuality "1"]
[WhiteTeam "Cultura Covadonga"]
[BlackTeam "Vigo Universidad"]
[WhiteTeamCountry "ESP"]
[BlackTeamCountry "ESP"]

1. d4 Nf6 2. c4 e6 3. Nc3 Bb4 4. e3 0-0 5. Nge2 d5 6. a3 Be7 7. Nf4 c6 8. Bd3 Nbd7 9. cxd5 exd5 10. 0-0 Bd6 11. Qf3 Re8 12. Bd2 Nf8 13. h3 Qe7 14. Rfd1 Ne4 15. Be1 f5 16. Bc2 Kh8 17. Nxe4 fxe4 18. Qh5 Bxf4 19. exf4 Bd7 20. Bd2 Qf6 21. Be3 Ng6 22. Qg5 Nh4 23. Kh2 h6 24. Qxf6 gxf6 25. Rg1 Rg8 26. Bd1 Rg7 27. g4 f5 28. g5 hxg5 29. Rxg5 Rf8 30. Kg3 Ng6 31. Be2 Rfg8 32. Rg1 Nf8 33. Kh2 Nh7 34. R1g3 Nxg5 35. fxg5 Rh7 36. Bf4 Rh4 37. Be5+ Kh7 38. Rb3 f4 39. Bf6 Kg6 40. Rxb7 Bxh3 0-1

[Event "LSS ZH-2008-0-00198"]
[Site "LSS email"]
[Date "2008.06.08"]
[Round "?"]
[White "Boudy Bueno, Julio Leonardo"]
[Black "Pascual Perez, Norge"]
[Result "0-1"]
[WhiteElo "2250"]
[BlackElo "2157"]
[PlyCount "30"]
[EventDate "2008.06.06"]
[EventType "match (corr)"]
[EventRounds "2"]
[EventCountry "GER"]
[SourceTitle "Corr 2011"]
[Source "ChessBase"]
[SourceDate "2010.08.31"]
[SourceVersion "1"]
[SourceVersionDate "2010.08.31"]
[SourceQuality "1"]

1. d4 Nf6 2. c4 g6 3. Nc3 Bg7 4. e4 d6 5. f3 0-0 6. Be3 Nc6 7. Nge2 a6 8. Qd2 Rb8 9. Nc1 e5 10. d5 Nd4 11. Nb3 Nxb3 12. axb3 c5 13. g4 h5 14. h3 Nh7 15. gxh5 Qh4+ 0-1

[Event "North Bay op"]
[Site "North Bay"]
[Date "1996.??.??"]
[Round "?"]
[White "Boudy Bueno, Julio Leonardo"]
[Black "Hathaway, John"]
[Result "1-0"]
[WhiteElo "2280"]
[BlackElo "2005"]
[PlyCount "55"]
[EventDate "1996.08.??"]
[EventType "swiss"]
[EventRounds "9"]
[EventCountry "CAN"]
[SourceTitle "EXT 1998"]
[Source "ChessBase"]
[SourceDate "1997.11.17"]
[SourceVersion "1"]
[SourceVersionDate "1997.11.17"]
[SourceQuality "1"]

1. e4 e6 2. d4 d5 3. Nd2 Nf6 4. e5 Nfd7 5. c3 c5 6. Bd3 b6 7. Nh3 Ba6 8. Bxa6 Nxa6 9. 0-0 Nc7 10. f4 f5 11. exf6 Qxf6 12. Nf3 g6 13. Ne5 Qe7 14. f5 Nxe5 15. f6 Qd7 16. dxe5 0-0-0 17. Nf2 d4 18. c4 Qc6 19. Nd3 b5 20. b3 Na6 21. Bd2 bxc4 22. bxc4 Nb4 23. Bxb4 cxb4 24. c5 Qb5 25. a3 a5 26. axb4 axb4 27. Qb3 Rd5 28. Ra8+ 1-0

[Event "North Bay op"]
[Site "North Bay"]
[Date "1996.??.??"]
[Round "?"]
[White "Boudy Bueno, Julio Leonardo"]
[Black "Rajlich, Vasik G"]
[Result "0-1"]
[WhiteElo "2280"]
[BlackElo "2340"]
[PlyCount "58"]
[EventDate "1996.08.??"]
[EventType "swiss"]
[EventRounds "9"]
[EventCountry "CAN"]
[SourceTitle "EXT 1998"]
[Source "ChessBase"]
[SourceDate "1997.11.17"]
[SourceVersion "1"]
[SourceVersionDate "1997.11.17"]
[SourceQuality "1"]

1. e4 c5 2. Nf3 d6 3. d4 cxd4 4. Nxd4 Nf6 5. Nc3 a6 6. Nb3 Nc6 7. Bg5 e6 8. Qd2 h6 9. Bf4 b5 10. a3 Bb7 11. 0-0-0 e5 12. Be3 Be7 13. f3 0-0 14. Kb1 b4 15. axb4 Nxb4 16. Na4 d5 17. Nac5 Bxc5 18. Bxc5 a5 19. c3 a4 20. Bxf8 Qxf8 21. Nc1 Na6 22. exd5 Bxd5 23. c4 Be6 24. g4 e4 25. fxe4 Nxe4 26. Qf4 Nac5 27. Nd3 a3 28. Nxc5 Nxc5 29. Bg2 Qb8 0-1

[Event "North Bay op"]
[Site "North Bay"]
[Date "1996.??.??"]
[Round "?"]
[White "Moussa, Alaa Eddine"]
[Black "Boudy Bueno, Julio Leonardo"]
[Result "1-0"]
[WhiteElo "2205"]
[BlackElo "2280"]
[PlyCount "53"]
[EventDate "1996.08.??"]
[EventType "swiss"]
[EventRounds "9"]
[EventCountry "CAN"]
[SourceTitle "EXT 1998"]
[Source "ChessBase"]
[SourceDate "1997.11.17"]
[SourceVersion "1"]
[SourceVersionDate "1997.11.17"]
[SourceQuality "1"]

1. d4 Nf6 2. c4 g6 3. Nc3 Bg7 4. e4 d6 5. Be2 0-0 6. Bg5 h6 7. Be3 e5 8. d5 a5 9. Qd2 h5 10. f3 Na6 11. h4 Nh7 12. g4 f5 13. gxf5 gxf5 14. 0-0-0 f4 15. Bf2 Rf6 16. Nh3 Bxh3 17. Rxh3 c5 18. dxc6 bxc6 19. c5 Qc8 20. Rh2 Nxc5 21. Bxc5 dxc5 22. Bc4+ Kh8 23. Rg2 Rf8 24. Qd6 Rd8 25. Qg6 Rxd1+ 26. Nxd1 Qd7 27. Bf7 1-0

[Event "Capablanca Memorial-D"]
[Site "Cuba"]
[Date "1993.??.??"]
[Round "2"]
[White "Estevez Morales, Guillermo"]
[Black "Boudy Bueno, Julio Leonardo"]
[Result "1/2-1/2"]
[WhiteElo "2340"]
[BlackElo "2325"]
[PlyCount "82"]
[EventDate "1993.??.??"]
[EventType "tourn"]
[EventRounds "13"]
[EventCountry "CUB"]
[EventCategory "2"]
[SourceTitle "EXT 1997"]
[Source "ChessBase"]
[SourceDate "1996.11.15"]
[SourceVersion "1"]
[SourceVersionDate "1996.11.15"]
[SourceQuality "1"]

1. e4 c5 2. Nf3 Nc6 3. d4 cxd4 4. Nxd4 Nf6 5. Nc3 e5 6. Ndb5 d6 7. Bg5 a6 8. Na3 b5 9. Bxf6 gxf6 10. Nd5 Bg7 11. g3 Ne7 12. Nxe7 Qxe7 13. Bg2 0-0 14. c3 Ra7 15. Nc2 f5 16. exf5 Bxf5 17. Nb4 Bd7 18. 0-0 f5 19. Qd5+ Kh8 20. Rfd1 Rf6 21. Qd2 Bh6 22. f4 Qg7 23. Qf2 Be8 24. fxe5 dxe5 25. Rd8 Rf8 26. Bc6 a5 27. Nc2 Bxc6 28. Rxf8+ Qxf8 29. Qxa7 Qd6 30. Re1 Kg8 31. c4 Bd2 32. cxb5 Bxb5 33. Qf2 Bxe1 34. Qxe1 f4 35. gxf4 exf4 36. Qc3 Qd1+ 37. Ne1 Qg4+ 38. Kh1 Qe2 39. h3 Bc4 40. Qxa5 Qf1+ 41. Kh2 Qf2+ 1/2-1/2

[Event "Capablanca Memorial-D"]
[Site "Cuba"]
[Date "1993.??.??"]
[Round "4"]
[White "Otero, Evelio"]
[Black "Boudy Bueno, Julio Leonardo"]
[Result "1/2-1/2"]
[WhiteElo "2365"]
[BlackElo "2325"]
[PlyCount "39"]
[EventDate "1993.??.??"]
[EventType "tourn"]
[EventRounds "13"]
[EventCountry "CUB"]
[EventCategory "2"]
[SourceTitle "EXT 1997"]
[Source "ChessBase"]
[SourceDate "1996.11.15"]
[SourceVersion "1"]
[SourceVersionDate "1996.11.15"]
[SourceQuality "1"]

1. c4 Nf6 2. Nf3 g6 3. Nc3 Bg7 4. d4 0-0 5. e4 d6 6. Be2 e5 7. 0-0 Nc6 8. Be3 Ng4 9. Bg5 f6 10. Bh4 g5 11. Bg3 Nh6 12. dxe5 fxe5 13. h3 Nf7 14. Nd2 Nd4 15. Bg4 Ne6 16. Nd5 Nh6 17. Ne3 Nxg4 18. hxg4 Nf4 19. Nf5 Bf6 20. Re1 1/2-1/2